Statistics for Top 10 Most Popular Sports Shoe Brands

Click here to take the quiz!

General Stats

  • This quiz has been taken 1,801 times
  • The average score is 5 of 10

Answer Stats

Answer% Correct
Nike
100%
Adidas
92%
Puma
71%
Reebok
54%
New Balance
51%
Converse
44%
Asics
36%
Fila
29%
K-Swiss
7%
Hi-Tech
0%

Score Distribution

Percentile by Number Answered

Percent of People with Each Score

Your Score History

You have not taken this quiz